[Event "Scarborough CC LH Summer op"]
[Site "Toronto"]
[Date "2010.06.24"]
[Round "8"]
[White "Pedersen, Rune Linnebo"]
[Black "Southam, David"]
[Result "1-0"]
[WhiteElo "2342"]
[BlackElo "2114"]
[PlyCount "63"]
[EventDate "2010.04.29"]
[EventType "swiss"]
[EventRounds "8"]
[EventCountry "CAN"]
[SourceTitle "EXT 2022"]
[Source "ChessBase"]
[SourceDate "2021.10.06"]
[SourceVersion "1"]
[SourceVersionDate "2021.10.06"]
[SourceQuality "1"]

1. d4 e6 2. e4 d5 3. Nc3 Bb4 4. e5 c5 5. Bd2 Ne7 6. Nb5 Bxd2+ 7. Qxd2 0-0 8. f4 b6 9. Nf3 Ba6 10. a4 Nbc6 11. c3 f6 12. Bd3 Qd7 13. b4 c4 14. Bc2 f5 15. Nd6 Nd8 16. h3 Nf7 17. Nb5 Bb7 18. g4 a6 19. Na3 Nh6 20. Ng5 Nf7 21. Nf3 Nh6 22. Rg1 Kh8 23. Qe3 Bc6 24. Nb1 Ng6 25. Ng5 Rae8 26. a5 b5 27. Nd2 Ne7 28. 0-0-0 Bb7 29. Qg3 Nc6 30. Nxh7 Kxh7 31. g5 Qf7 32. g6+ 1-0

[Event "Scarborough CC-ch"]
[Site "Toronto"]
[Date "2010.04.08"]
[Round "7"]
[White "Pedersen, Rune Linnebo"]
[Black "Casareno, Erwin"]
[Result "0-1"]
[WhiteElo "2340"]
[BlackElo "2181"]
[PlyCount "42"]
[EventDate "2010.02.25"]
[EventType "tourn"]
[EventRounds "9"]
[EventCountry "CAN"]
[SourceTitle "EXT 2022"]
[Source "ChessBase"]
[SourceDate "2021.10.06"]
[SourceVersion "1"]
[SourceVersionDate "2021.10.06"]
[SourceQuality "1"]

1. e4 c5 2. Nf3 Nc6 3. d4 cxd4 4. Nxd4 Nf6 5. Nc3 e5 6. Ndb5 d6 7. Nd5 Nxd5 8. exd5 Ne7 9. c4 Ng6 10. c5 a6 11. Qa4 Bd7 12. Nxd6+ Bxd6 13. c6 bxc6 14. dxc6 Bc8 15. Bd2 0-0 16. b4 Qh4 17. Be2 Nf4 18. g3 Ng2+ 19. Kf1 Qe4 20. f3 Qd4 21. Bd1 Bc5 0-1

[Event "Scarborough CC-ch"]
[Site "Toronto"]
[Date "2010.03.25"]
[Round "5"]
[White "Pedersen, Rune Linnebo"]
[Black "Hacatoglu, Kevork"]
[Result "1-0"]
[WhiteElo "2340"]
[BlackElo "2212"]
[PlyCount "61"]
[EventDate "2010.02.25"]
[EventType "tourn"]
[EventRounds "9"]
[EventCountry "CAN"]
[SourceTitle "EXT 2022"]
[Source "ChessBase"]
[SourceDate "2021.10.06"]
[SourceVersion "1"]
[SourceVersionDate "2021.10.06"]
[SourceQuality "1"]

1. e4 e6 2. d4 d5 3. Nc3 Bb4 4. e5 c5 5. Bd2 Nh6 6. f4 0-0 7. Nf3 Nc6 8. a3 Bxc3 9. bxc3 f6 10. Bd3 cxd4 11. cxd4 fxe5 12. fxe5 Nxd4 13. 0-0 Ndf5 14. Ng5 Bd7 15. Rb1 Qc7 16. g4 Qc5+ 17. Kh1 Ne3 18. Rxf8+ Rxf8 19. Bb4 Qxb4 20. axb4 Nxd1 21. Bxh7+ Kh8 22. Rxd1 Nxg4 23. Re1 Rf4 24. Kg2 Nh6 25. h3 Nf5 26. b5 d4 27. Ra1 Bxb5 28. Rxa7 Bc6+ 29. Kg1 g6 30. Ra8+ Kg7 31. Nxe6+ 1-0

[Event "Toronto Scarborough CC Frost op"]
[Site "Toronto"]
[Date "2010.01.28"]
[Round "4"]
[White "Hacatoglu, Kevork"]
[Black "Pedersen, Rune Linnebo"]
[Result "1/2-1/2"]
[WhiteElo "2209"]
[BlackElo "2356"]
[PlyCount "113"]
[EventDate "2010.01.07"]
[EventType "swiss"]
[EventRounds "6"]
[EventCountry "CAN"]
[SourceTitle "EXT 2011"]
[Source "ChessBase"]
[SourceDate "2010.11.26"]
[SourceVersion "1"]
[SourceVersionDate "2010.11.26"]
[SourceQuality "1"]

1. e4 c5 2. Nf3 Nc6 3. d4 cxd4 4. Nxd4 g6 5. c4 Bg7 6. Be3 Nf6 7. Nc3 Ng4 8. Qxg4 Nxd4 9. Qd1 Ne6 10. Rc1 Qa5 11. Qd2 b6 12. Bd3 Bb7 13. f3 h5 14. 0-0 g5 15. Bb1 Be5 16. Rfd1 d6 17. Nd5 Qxd2 18. Rxd2 h4 19. Bc2 Bc6 20. b4 Rc8 21. Bb3 Bxd5 22. exd5 Bf4 23. Re2 Bxe3+ 24. Rxe3 Nf4 25. Rce1 Ng6 26. g3 hxg3 27. hxg3 0-0 28. Kg2 f5 29. Rc3 Kg7 30. Rec1 f4 31. g4 Rh8 32. Bc2 Ne5 33. Bf5 Rb8 34. c5 bxc5 35. bxc5 dxc5 36. Rxc5 Rh4 37. Rc7 Rbh8 38. Rxe7+ Kf8 39. Rxe5 Rh2+ 40. Kf1 Rh1+ 41. Ke2 Rxc1 42. d6 Rh2+ 43. Kd3 Rd1+ 44. Kc4 Rxd6 45. Be4 Rxa2 46. Rxg5 Ra4+ 47. Kb3 Rxe4 48. fxe4 Rf6 49. Ra5 f3 50. Ra1 f2 51. Rf1 Kf7 52. Kc4 Ke6 53. Kd4 a5 54. g5 Rf8 55. g6 Rf6 56. g7 Kf7 57. e5 1/2-1/2

[Event "Toronto Howard Ridout op"]
[Site "Toronto"]
[Date "2009.10.22"]
[Round "7"]
[White "Pedersen, Rune Linnebo"]
[Black "Southam, David"]
[Result "1-0"]
[WhiteElo "2076"]
[BlackElo "2146"]
[PlyCount "93"]
[EventDate "2009.09.10"]
[EventType "swiss"]
[EventRounds "8"]
[EventCountry "CAN"]
[SourceTitle "EXT 2011"]
[Source "ChessBase"]
[SourceDate "2010.11.26"]
[SourceVersion "1"]
[SourceVersionDate "2010.11.26"]
[SourceQuality "1"]

1. e4 c5 2. Nf3 e6 3. d4 cxd4 4. Nxd4 Nc6 5. Nxc6 bxc6 6. Bd3 d5 7. Nc3 Nf6 8. Qe2 Be7 9. 0-0 Rb8 10. b3 0-0 11. Bf4 Ra8 12. Rad1 Bb7 13. Rfe1 Bb4 14. Bd2 Re8 15. e5 Nd7 16. Qg4 Bf8 17. Re3 f5 18. exf6 Nxf6 19. Qh4 e5 20. Rg3 e4 21. Bg5 Re6 22. Bxe4 h6 23. Bf5 Rd6 24. Bxh6 Bc8 25. Bxc8 Rxc8 26. Bg5 Qe7 27. Re3 Re6 28. Rxe6 Qxe6 29. Bxf6 Qxf6 30. Qxf6 gxf6 31. Re1 Kf7 32. Re2 Bb4 33. Nd1 a5 34. Nb2 Bd6 35. h3 Be5 36. Nd3 Bd6 37. g4 Rb8 38. f4 a4 39. f5 axb3 40. axb3 Rc8 41. Re6 Ba3 42. Kg2 c5 43. Ra6 c4 44. bxc4 dxc4 45. Ra7+ Kg8 46. Rxa3 cxd3 47. cxd3 1-0

[Event "Toronto Howard Ridout op"]
[Site "Toronto"]
[Date "2009.10.01"]
[Round "4"]
[White "Pedersen, Rune Linnebo"]
[Black "Hall, John2222"]
[Result "1/2-1/2"]
[WhiteElo "2076"]
[BlackElo "2257"]
[PlyCount "45"]
[EventDate "2009.09.10"]
[EventType "swiss"]
[EventRounds "8"]
[EventCountry "CAN"]
[SourceTitle "EXT 2011"]
[Source "ChessBase"]
[SourceDate "2010.11.26"]
[SourceVersion "1"]
[SourceVersionDate "2010.11.26"]
[SourceQuality "1"]

1. e4 e5 2. Nf3 Nf6 3. Nc3 Nc6 4. g3 Bc5 5. Bg2 d6 6. d3 a6 7. 0-0 0-0 8. h3 Be6 9. Be3 Bxe3 10. fxe3 Qd7 11. Ng5 h6 12. Nxe6 fxe6 13. Qe2 Qf7 14. Kh2 Qg6 15. Bf3 Rad8 16. Qg2 Rd7 17. Rf2 Qg5 18. Re1 Rdf7 19. Nd1 Nd8 20. h4 Ng4+ 21. Bxg4 Qxg4 22. Rxf7 Rxf7 23. Rf1 1/2-1/2

[Event "Toronto Howard Ridout op"]
[Site "Toronto"]
[Date "2009.09.17"]
[Round "2"]
[White "Henry, Liam"]
[Black "Pedersen, Rune Linnebo"]
[Result "0-1"]
[WhiteElo "2275"]
[BlackElo "2076"]
[PlyCount "48"]
[EventDate "2009.09.10"]
[EventType "swiss"]
[EventRounds "8"]
[EventCountry "CAN"]
[SourceTitle "EXT 2011"]
[Source "ChessBase"]
[SourceDate "2010.11.26"]
[SourceVersion "1"]
[SourceVersionDate "2010.11.26"]
[SourceQuality "1"]

1. d4 Nf6 2. c4 e6 3. Nc3 Bb4 4. Qc2 d5 5. a3 Bxc3+ 6. Qxc3 Ne4 7. Qc2 e5 8. dxe5 Bf5 9. Qa4+ Nc6 10. Nf3 d4 11. Nd2 0-0 12. g4 Nc5 13. Qb5 Qe7 14. b4 Nxe5 15. gxf5 a6 16. f6 Ned3+ 17. Kd1 Qxf6 18. exd3 axb5 19. bxc5 bxc4 20. Be2 Qc6 21. Rg1 c3 22. Ne4 f5 23. Ng5 h6 24. Bf3 Qa4+ 0-1

[Event "Rodovre-ch A"]
[Site "Rodovre"]
[Date "2006.10.10"]
[Round "6"]
[White "Hansen, Rasmus Agertoft"]
[Black "Pedersen, Rune Linnebo"]
[Result "1-0"]
[WhiteElo "1889"]
[BlackElo "1985"]
[PlyCount "121"]
[EventDate "2006.09.05"]
[EventType "tourn"]
[EventRounds "7"]
[EventCountry "DEN"]
[SourceTitle "EXT 2023"]
[Source "ChessBase"]
[SourceDate "2022.10.05"]
[SourceVersion "1"]
[SourceVersionDate "2022.10.05"]
[SourceQuality "1"]

1. d4 Nf6 2. Nf3 e6 3. g3 c5 4. Bg2 Nc6 5. 0-0 d5 6. Bg5 cxd4 7. Nxd4 Qb6 8. Nb3 Be7 9. N1d2 Bd7 10. c4 0-0 11. Rc1 Rfc8 12. Bxf6 Bxf6 13. cxd5 exd5 14. Bxd5 Bh3 15. Bg2 Bxg2 16. Kxg2 Na5 17. Rxc8+ Rxc8 18. Qb1 Nxb3 19. Nxb3 g6 20. Rc1 Rxc1 21. Qxc1 a5 22. Qc5 Qe6 23. Qc2 a4 24. Nc1 h5 25. h4 Qg4 26. f3 Qd4 27. Nd3 Qe3 28. Nf4 Bd4 29. Nh3 Kg7 30. b3 axb3 31. axb3 Kf6 32. Kf1 b6 33. Qc6+ Kg7 34. Qd5 Qc1+ 35. Kg2 Qe3 36. Qe4 Qxe4 37. fxe4 Kf6 38. Kf3 Ke7 39. e3 Be5 40. Nf4 Kd6 41. Ke2 Kc6 42. Kd3 Kb5 43. Kc2 f6 44. Nxg6 Bxg3 45. Nf4 Bxh4 46. Nxh5 Kb4 47. Nf4 Ka3 48. Nd5 b5 49. Nc3 b4 50. Na4 Bg5 51. Nb6 Ka2 52. Nc4 Bh6 53. Nb6 Bg5 54. Nd5 Ka3 55. Nf4 Bh6 56. Nd5 Bg5 57. Nb6 Ka2 58. Nd7 Ka3 59. e5 fxe5 60. Nxe5 Ka2 61. e4 1-0